书目信息 |
| 题名: |
无人机测绘技术及应用
|
|
| 作者: | 万刚 编著 | |
| 分册: | ||
| 出版信息: | 北京 测绘出版社 2015.12 |
|
| 页数: | 234页 | |
| 开本: | 26cm | |
| 丛书名: | ||
| 单 册: | ||
| 中图分类: | P231 | |
| 科图分类: | ||
| 主题词: | 无人驾驶飞机--航空摄影测量 | |
| 电子资源: | ||
| ISBN: | 978-7-5030-3639-2 | |
| 000 | 01046nam0 2200253 450 | |
| 001 | 4893 | |
| 005 | 20181013145238.93 | |
| 010 | @a978-7-5030-3639-2@dCNY45.00 | |
| 100 | @a20160222d2015 em y0chiy50 ea | |
| 101 | 0 | @achi |
| 102 | @aCN@b110000 | |
| 105 | @aa z 000yy | |
| 200 | 1 | @a无人机测绘技术及应用@9wu ren ji ce hui ji shu ji ying yong@b专著@dUnmanned aerial vehicle surveying and mapping technology and application@zeng@f万刚[等]编著 |
| 210 | @a北京@c测绘出版社@d2015.12 | |
| 215 | @a234页@c图@d26cm | |
| 300 | @a高等学校教材 | |
| 304 | @a编著者还有:余旭初、布树辉、熊自明、曹雪峰、李科 | |
| 330 | @a本书在系统归纳无人机测绘的基本理论和方法的基础上,重点对无人机任务规划、目标定位与跟踪、测绘成图、应急快速成图、基于无人机影像的三维重建和空中全景监测等相关技术及其应用。 | |
| 510 | 1 | @aUnmanned aerial vehicle surveying and mapping technology and application@zeng |
| 606 | 0 | @a无人驾驶飞机@x航空摄影测量 |
| 690 | @aP231@v5 | |
| 701 | 0 | @a万刚@9wan gang@4编著 |
| 801 | 0 | @aCN@b91MARC@c20160302 |
| 905 | @aMuseLib@dP231@e289 | |
| 无人机测绘技术及应用=Unmanned aerial vehicle surveying and mapping technology and application/万刚[等]编著.-北京:测绘出版社,2015.12 |
| 234页:图;26cm |
| 高等学校教材 |
| ISBN 978-7-5030-3639-2:CNY45.00 |
| 本书在系统归纳无人机测绘的基本理论和方法的基础上,重点对无人机任务规划、目标定位与跟踪、测绘成图、应急快速成图、基于无人机影像的三维重建和空中全景监测等相关技术及其应用。 |
| ● |
| 相关链接 |
|
|
|
|
正题名:无人机测绘技术及应用
索取号:P231/289
 
预约/预借
| 序号 | 登录号 | 条形码 | 馆藏地/架位号 | 状态 | 备注 |
| 1 | 1127117 | 211271176 | 第二样本阅览室/ [索取号:P231/289] | 在馆 | |
| 2 | 1127118 | 211271185 | 第三借阅区/ [索取号:P231/289] | 在馆 | |
| 3 | 1127119 | 211271194 | 第三借阅区/ [索取号:P231/289] | 在馆 | |
| 4 | 1127120 | 211271201 | 第三借阅区/ [索取号:P231/289] | 在馆 | |
| 5 | 1127121 | 211271210 | 密集书库-物理学院/ [索取号:P231/289] | 在馆 |